000 00299nam a22001337a 4500
008 170419b xxu||||| |||| 00| 0 eng d
020 _a9780716744023
041 _aeng
080 _26TH
_a573
100 _a11
101 _aSHM
245 _aLIFE/ THE SCIENCE OF BIOLOGY
_cPURVES
942 _2udc
_cBK
999 _c11121
_d11121